Music Quiz

Random Music or Lyrics Quiz
Score 0/55 Timer 10:00
0 Plays Today
lyrics Song % Correct
Boy. Man. God. ****.You Enjoy Myself
82.6%
AAAAAAAAAAAAAA ********** the wind blows high!The Divided Sky
78.8%
Things are falling down on meHeavy things
78.3%
I look into the finance box just to check my statusGolgi apparatus
78.3%
******* was a man, with a horrible diseaseFluffhead
77.9%
Wont you step into the *****Tweezer
77.3%
Dont wanna be an actorWaste
77.3%
Rye, rye, rocco. Marco Esquandolas.Run Like an Antelope
77.2%
The woman was a dream I had, though rather hard to keepBouncing around the room
77.2%
I was taught a month agoCharacter Zero
77%
I feed from the bottom, you feed from the topTheme From the bottom
76.6%
In the cool shade of the banana treeFee
76.2%
Mr. Palmer is concerned with the thousand-dollar question, just like Roger, he's a crazy little kidACDC Bag
75.7%
Trying to make a woman that you moveWeekapaug Groove
74.3%
I feel I've, never told youGhost
72.4%
Come stumble my mirth beaten workerChalkdust Torture
72%
Im floating in the blimp a lotFree
71.8%
The overhead view is of me in a ****Maze
71.4%
when i jumped off, i had a bucket full of thoughtsBack on the train
70.7%
I come from atop the mountain babyPossum
70%
Your time is clear the missions clearCavern
68.6%
Passing through the corridor I came upon an aging knight who leaned against the wall in gnarly armorThe Lizards
68.6%
***** ***** the red red wormPiper
67.4%
Mama sing singGotta Jiboo
67%
Got a Blank space Where my mind should beStealing time from the faulty plan
66.9%
I come from the north where the oceans freeze Spent three long months on the open seasPunch You in the Eye
66.5%
Trapped in time and I don't know what to doMike's Song
66.4%
Last night, in the moments my thoughts were adriftRift
65.6%
lyrics Song % Correct
An asteroid crashed and nothing burnedTube
65.2%
The Shoulder that i leaned on was carved out of stoneLimb by Limb
62.3%
There's a mouse starin' out of the windowGumbo
62.3%
It's hidden far away but someday I may tellSample in a Jar
61.2%
Lets go out to....Dinner and a Movie
61.2%
It was many years ago now But I really can't be sureWolfmans brother
60.3%
In the morning i pack up my gear and toss it in my carryallSplit Open and Melt
60.1%
Leigh Fordham sold me out46 Days
56.4%
My glance is always darting, when I stroll the avenue Silent in the Morning
56%
***** sink a boulder in the waterReba
55.9%
I spoke your name for many daysTwist
55.7%
Throughout the night when theres no direct lightLawn Boy
55.7%
Now that you've deceived me, and played my name aroundHorn
55.1%
As he saw his life run away from him, thousands ran alongThe Curtain With
54.2%
it was late one fall night at a fair ground near townEsther
53.9%
The circus is the place for me with bears and clowns and noiseRoggae
53.7%
I press on the elastic sheet, I'm breathing through a sliceIts Ice
52.8%
There've been times when i've wondered...Bug
51.7%
Goin' downtown to the disco Gotta do it right away Camel Walk
48.8%
I'm pulling the pavement from under my nailsStash
46.9%
Spasm waiter dropping to his knees, seesThe Mango Song
45.2%
Im looking through... and it all would beFoam
44.4%
All throughout I gaze and glimpse you Nothing ever did convince youMoma Dance
44%
Aboard a craft bereft of oar I rowed upstream to find LenoreGuelah Papyrus
40.2%
Brett is in the bathtub, making soup for the ambassadorsBathtub Jin
32.1%
I'm trapped here as my senses bleed I can't recall which things I need Meatstick
31.1%
Standing on the edge of a cliffSugar Shack
26.6%

You're not logged in!

Compare scores with friends on all Sporcle quizzes.
OR
Log In

Sporcle TV

Today on Sporcle TV


Watch our educational content, quiz creation guides, and fun videos on Sporcle TV.

Show Comments

Extras

Top Quizzes Today


Score Distribution

Paid Content

Your Account Isn't Verified!

In order to create a playlist on Sporcle, you need to verify the email address you used during registration. Go to your Sporcle Settings to finish the process.

Report this User

Report this user for behavior that violates our Community Guidelines.

Details: